header

Art and animals (Record no. 91343)

MARC details
000 -LEADER
fixed length control field 01151nam a2200325 a 4500
100 1# - MAIN ENTRY--AUTHOR NAME
Personal name Aloi, Giovanni.
245 10 - TITLE STATEMENT
Title Art and animals
260 ## - PUBLICATION, DISTRIBUTION, ETC. (IMPRINT)
Place of publication London :
Name of publisher I.B. Tauris,
Year of publication 2011.
300 ## - PHYSICAL DESCRIPTION
Number of Pages xxi, 170 p. :
Other physical details ill.
490 1# - SERIES STATEMENT
Series statement Art and
650 #0 - SUBJECT ADDED ENTRY--TOPICAL TERM
Topical Term Animals in art.
Topical Term Animals (Philosophy)
856 40 - ELECTRONIC LOCATION AND ACCESS
Uniform Resource Identifier http://site.ebrary.com/lib/rucke/Doc?id=10554332

No items available.

© 2026 Rongo University
Contact us: librarian | system librarian | Rongo university